Basic concepts in marketing management (Record no. 39222)

MARC details
000 -LEADER
fixed length control field 00289nam a2200109Ia 4500
082 ## - DEWEY DECIMAL CLASSIFICATION NUMBER
Classification number 658.8
Item number BAS
245 #0 - TITLE STATEMENT
Title Basic concepts in marketing management
260 ## - PUBLICATION, DISTRIBUTION, ETC. (IMPRINT)
Place of publication USA
Name of publisher Harward College
Year of publication 1960
650 ## - SUBJECT ADDED ENTRY--TOPICAL TERM
Topical Term Marketing management
942 ## - ADDED ENTRY ELEMENTS (KOHA)
Koha item type Books
Holdings
Withdrawn status Lost status Damaged status Not for loan Home library Current library Date acquired Full call number Accession Number Koha item type
        RRII Library RRII Library 16/12/2021 658.8 BAS 19566 Books